000 00440nam a2200169Ia 4500
008 230711s9999||||xx |||||||||||||| ||und||
020 _a978-81-317-0935-1
041 _aENG
082 _a4.6
_bWI-C
100 _aStallings,William
245 0 _aComputer networking with internet protocols and technology
250 _a1st Ed.
260 _c2007
_aNew Delhi
_bPearson
300 _a660p.
650 _aElectrical Engineering
942 _cBK
999 _c5982
_d5982